000 02047cam a22004334i 4500
003 PE-LiUPU
005 20250731183446.0
008 150616s r 000 0 d
020 _a8471143364
035 _a(Sirsi) i9788471143365
040 _aPE-LiUPU
_bspa
_cPE-LiUPU
_erda
049 _aPRUA
082 0 4 _a725.4
_bG25
_221
100 1 _aGarcía-Vaquero Vaquero, Emilio,
_eautor.
245 1 0 _aDiseño y Construcción de Industrias Agroalimentarias /
_cEmilio García-Vaquero.
264 1 _aMadrid :
_bEdiciones Mundi-Prensa,
_c1993.
300 _a438 páginas :
_bilustraciones ;
_c24 centímetros
336 _atext
_2rdacontent
337 _aunmediated
_2rdamedia
338 _avolume
_2rdacarrier
505 0 _aGeneralidades -- Bodegas -- Almazaras -- Fabricas de piensos compuestos -- Silos -- Aplicaciones del frio a los productos agroalimentarios -- Centrales hortofrutícolas -- Industrias lácteas -- Mataderos y salas de despiece.
526 _aP158
526 _aP146
526 _aP17
526 _aP12
526 _aP06
650 0 4 _aEdificios industriales
_xDiseño y construcción.
700 1 _aAyuga Tellez, Francisco,
_eautor.
910 _ajck
_bjvq
_cjck
942 _2ddc
_cBOOK
949 _a725.4 G25
_wDEWEY
_c1
_i43245
_lCCODEBUL1
_mBUL
_r0
_sY
_tBOOK
_u2015-6-16
_xINGENIERIA
_zUNKNOWN
_0COMPRA
_o.STAFF. Colección General
949 _a631.2 G25 1993
_wDEWEY
_c1
_iFJ07458
_lCCODEBUJ1
_mBUJ
_p34.00
_r0
_sY
_tBOOK
_u2017-10-25
_xINGENIERIA
_PP25
_0COMPRA
_o.STAFF -- Colección General Juliaca
994 _aC0
_bPEPRU
596 _a1 3
999 _a725.4 G25
_wDEWEY
_c61210
_i43245
_d61210
_e2018-5-23
_f2021-11-10
_g7
_lCCODEBUL1
_mBUL
_n1
_r0
_sY
_tBOOK
_u2015-6-16
_xINGENIERIA
_zUNKNOWN
_0COMPRA
_o.STAFF. Colección General
999 _a631.2 G25 1993
_wDEWEY
_c1
_iFJ07458
_f2022-1-26
_g4
_lCCODEBUJ1
_mBUJ
_p34.00
_r0
_sY
_tBOOK
_u2017-4-3
_xINGENIERIA
_PP25
_0COMPRA
_o.STAFF. Colección General Juliaca
980 _81
_gALBERTO SANCHEZ Responsable de Automatización